A személyszállítás marketingkommunikációja

Bibliográfiai részletek
Szerző: Hideg Márkó
További közreműködők: Dobó Dr. Róbert
Dokumentumtípus: Diplomadolgozat
Kulcsszavak:kommunikáció
marketing
marketingkommunikáció
személyszállítás
szolgáltatásmarketing
Online Access:http://dolgozattar.uni-bge.hu/59499

MARC

LEADER 00000nta a2200000 i 4500
001 dolg59499
005 20260409145140.0
008 260409suuuu hu om 000 hun d
040 |a BGE Dolgozattár Repozitórium  |b hun 
041 |a hu 
100 1 |a Hideg Márkó 
245 1 2 |a A személyszállítás marketingkommunikációja  |c Hideg Márkó  |h [elektronikus dokumentum] 
520 3 |a A dolgozat a személyszállítás marketingkommunikációjának átfogó vizsgálatára épül. Áttekintettem a személyszállítás marketingkommunikációjának alapvető elemeit és eszközeit, különös figyelmet fordítva arra, hogyan formálódnak az ágazatban alkalmazott kommunikációs stratégiák. A marketing és marketingkommunikáció szerepét elemeztem a személyszállítás piacán, bemutatva, hogy ezek miként járulnak hozzá a vállalatok versenyképességéhez és a fogyasztói kapcsolatok erősítéséhez. A dolgozat foglalkozik a szektorban jelentkező kihívásokkal, mint például a digitalizáció terjedése, a fogyasztói szokások változása, valamint a gazdasági környezet hatásaival. A vizsgálat során primer kutatást is végeztem, amely a fogyasztói szokások és kommunikációs preferenciák mélyebb megértését célozta meg a személyszállítás területén. 
695 |a kommunikáció 
695 |a marketing 
695 |a marketingkommunikáció 
695 |a személyszállítás 
695 |a szolgáltatásmarketing 
700 1 |a Dobó Dr. Róbert  |e ths 
856 4 0 |u http://dolgozattar.uni-bge.hu/59499/1/HIDEG_M%C3%81RK%C3%93_F74C0C_A%20SZEM%C3%89LYSZ%C3%81LL%C3%8DT%C3%81S%20MARKETINGKOMMUNIK%C3%81CI%C3%93JA.pdf  |z Dokumentum-elérés 
856 4 0 |u http://dolgozattar.uni-bge.hu/59499/2/BA%20KM%20magyar%20b%C3%ADr%C3%A1lati%20lap%20BELS%C5%90%20Hideg%20M%C3%A1rk%C3%B3%20DR.pdf  |z Dokumentum-elérés 
856 4 0 |u http://dolgozattar.uni-bge.hu/59499/3/BA%20KM%20magyar%20b%C3%ADr%C3%A1lati%20lap%20K%C3%9CLS%C5%90%20Hideg%20M%C3%A1rk%C3%B3.pdf  |z Dokumentum-elérés